| 000 | 00846cam a22002651 4500 | ||
|---|---|---|---|
| 001 | sa 64005623 | ||
| 003 | DLC | ||
| 005 | 20260227112033.0 | ||
| 008 | 921001s1888 ii f000 0 eng | ||
| 010 | _asa 64005623 | ||
| 035 | _a(OCoLC)26709384 | ||
| 040 |
_aDLC _cWaU _dWaU _dDLC |
||
| 041 | 1 |
_aeng _hsan |
|
| 042 | _apremarc | ||
| 050 | 0 | 0 |
_aPK3012 _b.P5 1888 |
| 130 | 0 |
_aVedas. _pR̥gveda. _kSelections. |
|
| 245 | 1 | 0 |
_aHymns from the Rigveda. _cEdited with Sayana's commentary, notes, and a translation, by Peter Peterson. |
| 260 |
_aBombay, _bGovt. Central Book Depôt, _c1888. |
||
| 300 |
_a3, 293 p. _c22 cm. |
||
| 440 | 0 |
_aBombay Sanskrit series, _vno. 36 |
|
| 500 | _aAt head of title: The Dept. of Public Instruction, Bombay. | ||
| 500 | _a"500 copies." | ||
| 700 | 0 |
_aSāyana, _d-1387. |
|
| 700 | 1 |
_aPeterson, Peter, _d1847-1899. |
|
| 999 |
_c59217 _d59217 |
||